RICS Construction - Global Standard 1st edition (Record no. 122214)
[ view plain ]
| 000 -LEADER | |
|---|---|
| fixed length control field | 01660nam a22002537a 4500 |
| 005 - DATE AND TIME OF LATEST TRANSACTION | |
| control field | 20250926101652.0 |
| 008 - FIXED-LENGTH DATA ELEMENTS--GENERAL INFORMATION | |
| fixed length control field | 250926t2025 xxk|||||o|||| 00| 0 eng d |
| 041 ## - LANGUAGE CODE | |
| Language code of text/sound track or separate title | eng |
| 110 ## - MAIN ENTRY--CORPORATE NAME | |
| Corporate author | Royal Institution of Chartered Surveyors |
| 245 ## - TITLE STATEMENT | |
| Title | RICS Construction - Global Standard 1st edition |
| Subtitle | a consultation |
| Medium | [Electronic resource] |
| 260 ## - PUBLICATION INFORMATION | |
| Place of publication | London, |
| Publisher | Royal Institution of Chartered Surveyors, |
| Date | September 2025 |
| 300 ## - PHYSICAL DESCRIPTION | |
| Physical description | 28p. |
| 490 ## - SERIES TITLE | |
| Series statement | RICS Consultation |
| 490 ## - SERIES TITLE | |
| Series statement | RICS Black Book |
| 520 ## - ABSTRACT | |
| Abstract | The existing Black Book (BB) suite of guidance notes as been progressively published over several years building to a total of 32 separate titles. It has been decided that, rather than merely update and re-publish each guidance note, that a fresh approach is taken. This has involved in the preparation of a Professional Standard (PS) to include global principles of QS and PM practice (which is the subject of this consultation) and a series of six Practice Information (PI) pieces of work to include best practice guidance across the project life cycle. Consultation opened 16 September 2025 closes 24 October 2025. <br/> |
| 650 ## - KEYWORDS | |
| Keywords | CONSTRUCTION |
| 650 ## - KEYWORDS | |
| Keywords | PROJECT MANAGEMENT |
| 650 ## - KEYWORDS | |
| Keywords | QUANTITY SURVEYING |
| 651 ## - SUBJECT ADDED ENTRY--GEOGRAPHIC NAME | |
| Geographic name | International |
| 710 ## - ADDED CORPORATE NAME | |
| Added corporate author | Royal Institution of Chartered Surveyors |
| 856 ## - ONLINE RESOURCE | |
| Uniform Resource Identifier | <a href="https://consultations.rics.org/gf2.ti/f/1778882/259857861.1/PDF/-/RICS%20Construction%20Global%20Standard_consultation_draft.pdf">https://consultations.rics.org/gf2.ti/f/1778882/259857861.1/PDF/-/RICS%20Construction%20Global%20Standard_consultation_draft.pdf</a> |
| Public note | View the consultation document on RICS.org |
| 856 ## - ONLINE RESOURCE | |
| Uniform Resource Identifier | <a href="https://consultations.rics.org/Globalconstructionstandards/consultationHome">https://consultations.rics.org/Globalconstructionstandards/consultationHome</a> |
| Public note | View the RICS iConsult homepage on Construction |
| 942 ## - ADDED ENTRY ELEMENTS (KOHA) | |
| Suppress in OPAC | Do not suppress in OPAC |
| Lost status | Damaged status | Not for loan | Current library | Shelving location | Date acquired | Total Checkouts | Full call number | Date last seen | Price effective from | Koha item type |
|---|---|---|---|---|---|---|---|---|---|---|
| Virtual | Online | 26/09/2025 | ONLINE PUBLICATION | 26/09/2025 | 26/09/2025 | Online material |